Navigating the metaverse : a guide to limitless possibilities in a WEB 3.0 world
"The Metaverse Economy will provide people or organizations with a guide to jump into this complex, fast-moving universe to spark a revelation that brands and businesses may lead to newfound revenue and consumer engagement in the medium with the potential to define a generation. The metaverse b...
Saved in:
| Main Authors | , , |
|---|---|
| Format | Electronic eBook |
| Language | English |
| Published |
Hoboken, New Jersey :
Wiley,
[2022]
|
| Subjects | |
| Online Access | Full text |
| ISBN | 9781119899006 9781119899013 9781119898993 |
| Physical Description | 1 online zdroj |
Cover
| LEADER | 00000nam a2200000 i 4500 | ||
|---|---|---|---|
| 001 | 115495 | ||
| 003 | CZ-ZlUTB | ||
| 005 | 20260416143926.0 | ||
| 006 | m o d | ||
| 007 | cr ||||||||||| | ||
| 008 | 220808s2022 iau ob 001 0 eng | ||
| 040 | |a EBZ |b eng |c EBZ |e rda | ||
| 020 | |a 9781119899006 |q (adobe pdf) | ||
| 020 | |a 9781119899013 |q (epub) | ||
| 020 | |z 9781119898993 |q (hardback) | ||
| 100 | 1 | |a Hackl, Cathy, |e author. | |
| 245 | 1 | 0 | |a Navigating the metaverse : |b a guide to limitless possibilities in a WEB 3.0 world / |c Cathy Hackl, Dirk Lueth, Tommaso Di Bartolo. |
| 264 | 1 | |a Hoboken, New Jersey : |b Wiley, |c [2022] | |
| 300 | |a 1 online zdroj | ||
| 336 | |a text |b txt |2 rdacontent | ||
| 337 | |a počítač |b c |2 rdamedia | ||
| 338 | |a online zdroj |b cr |2 rdacarrier | ||
| 504 | |a Obsahuje bibliografické odkazy a index. | ||
| 506 | |a Plný text je dostupný pouze z IP adres počítačů Univerzity Tomáše Bati ve Zlíně nebo vzdáleným přístupem pro zaměstnance a studenty | ||
| 520 | |a "The Metaverse Economy will provide people or organizations with a guide to jump into this complex, fast-moving universe to spark a revelation that brands and businesses may lead to newfound revenue and consumer engagement in the medium with the potential to define a generation. The metaverse brings new opportunities for consumers and brands to interact and exchange in a digital frontier. The metaverse experience is truly open to consumers, creators, and companies. The main topics of the book will be the metaverse, the metaverse economy, business models in the metaverse, technology insights, digital assets (e.g. NFTs), cryptocurrency, strategy, and how companies and consumers will interact in the metaverse. The biggest point of the book addresses is the uncertainty or fear businesses have when entering a new market. There are changes to resource allocation, product development, business strategy, etc. We want to give businesses confidence to pursue projects in the metaverse and spark an ?aha moment.? We offer confidence by providing foundational knowledge that breaks down the metaverse, metaverse economy, consumer trends, business trends, and technology trends so businesses can build the best metaverse strategy and customer connections in this new market."-- |c Provided by publisher. | ||
| 588 | |a Description based on print version record and CIP data provided by publisher; resource not viewed. | ||
| 505 | 0 | |a A primer on the metaverse -- What is the metaverse economy? -- Building a business case for the metaverse -- Meet the metaverse consumers -- New business opportunities in the metaverse -- Key segments of NFT commercialization -- NFT deep dive -- Putting together an action plan -- Perspectives on tomorrow's metaverse. | |
| 650 | 0 | |a Electronic commerce. | |
| 650 | 0 | |a Digital currency. | |
| 650 | 0 | |a Cryptocurrencies. | |
| 650 | 0 | |a Shared virtual environments |x Economic aspects. | |
| 650 | 0 | |a Augmented reality |x Economic aspects. | |
| 650 | 0 | |a Virtual reality |x Economic aspects. | |
| 650 | 0 | |a Economic development |x Technological innovations. | |
| 650 | 0 | |a Information technology |x Economic aspects. | |
| 655 | 7 | |a elektronické knihy |7 fd186907 |2 czenas | |
| 655 | 9 | |a electronic books |2 eczenas | |
| 700 | 1 | |a Lueth, Dirk, |e author. | |
| 700 | 1 | |a Bartolo, Tommaso Di, |e author. | |
| 776 | 0 | 8 | |i Print version: |a Hackl, Cathy. |t Navigating the metaverse |d Hoboken, New Jersey : Wiley, [2022] |z 9781119898993 |w (DLC) 2022036182 |
| 856 | 4 | 0 | |u https://search.ebscohost.com/login.aspx?direct=true&scope=site&db=nlebk&db=nlabk&AN=3273058&authtype=ip,shib&custid=s3936755 |
| 992 | |c EBOOK-TN |c EBSCO | ||
| 993 | |x NEPOSILAT |y EIZ | ||
| 999 | |c 115495 |d 115495 | ||